000
00391nam a2200133Ia 4500
008
100328s9999 xx 000 0 und d
082
_b
22864
100
_a
भावे पु.भा.
245
_a
रखमाच्या मुली
260
_b
मेनका
630
_a
रखमाच्या मुली
730
_a
रखमाच्या मुली
942
_c
BOOK
999
_c
516687
_d
516684